|
|
|
|
| LEADER |
02138nam a2200529 a 4500 |
| 001 |
nkc20142647079 |
| 003 |
CZ PrNK |
| 005 |
20190517124013.0 |
| 007 |
ta |
| 008 |
141126s2014 xr ab f 000 0 cze |
| 015 |
|
|
|a cnb002647079
|
| 020 |
|
|
|a 978-80-210-7129-2
|q (brož.) :
|c neprodejné
|
| 035 |
|
|
|a (OCoLC)903090203
|
| 040 |
|
|
|a BOA001
|b cze
|
| 041 |
0 |
|
|a cze
|b eng
|
| 043 |
|
|
|a e-xr---
|
| 072 |
|
7 |
|a 349
|x Pracovní, sociální, stavební právo. Právo životního prostředí
|2 Konspekt
|9 16
|
| 080 |
|
|
|a 349.6
|2 MRF
|
| 080 |
|
|
|a 502.17
|2 MRF
|
| 080 |
|
|
|a 323.212:172.1
|2 MRF
|
| 080 |
|
|
|a (437.3)
|2 MRF
|
| 080 |
|
|
|a (048.8)
|2 MRF
|
| 100 |
1 |
|
|a Zahumenská, Vendula,
|d 1981-
|7 xx0061968
|4 aut
|
| 245 |
1 |
0 |
|a Právo a environmentální problémy /
|c Vendula Zahumenská
|
| 250 |
|
|
|a 1. vyd.
|
| 260 |
|
|
|a Brno :
|b Masarykova univerzita,
|c 2014
|
| 300 |
|
|
|a 211 s. :
|b il., mapy ;
|c 25 cm
|
| 500 |
|
|
|a Na obálce pod názvem: Masarykova univerzita, Fakulta sociálních studií, katedra environmentálních studií
|
| 500 |
|
|
|a 100 výt.
|
| 504 |
|
|
|a Obsahuje bibliografie, bibliografické odkazy a přehled souvisejících právních předpisů
|
| 546 |
|
|
|a Anglické resumé
|
| 650 |
0 |
7 |
|a právo životního prostředí
|7 ph115918
|z Česko
|2 czenas
|
| 650 |
0 |
7 |
|a ochrana životního prostředí
|7 ph115553
|z Česko
|2 czenas
|
| 650 |
0 |
7 |
|a občanská angažovanost
|7 ph135605
|z Česko
|2 czenas
|
| 650 |
0 |
9 |
|a environmental law
|z Czechia
|2 eczenas
|
| 650 |
0 |
9 |
|a environmental protection
|z Czechia
|2 eczenas
|
| 650 |
0 |
9 |
|a community involvement
|z Czechia
|2 eczenas
|
| 655 |
|
7 |
|a monografie
|7 fd132842
|2 czenas
|
| 655 |
|
9 |
|a monographs
|2 eczenas
|
| 710 |
2 |
|
|a Masarykova univerzita.
|b Katedra environmentálních studií
|7 kn20071012003
|
| 856 |
4 |
1 |
|3 Online verze
|u https://munispace.muni.cz/book?id=158
|4 N
|
| 910 |
2 |
|
|a BOA001
|b 2-1338.097
|
| 990 |
|
|
|a BK
|
| 995 |
|
|
|a 01
|
| 991 |
|
|
|b 201501
|c NOV
|e n
|
| 996 |
6 |
|
|b 2610616314
|c 2-1338.097
|l MZK
|r Sklad / do 1 hodiny
|n 1
|p p.v.
|w 001478757
|u 000010
|a 1
|e BOA001
|j MZK50
|s P
|
| 996 |
7 |
|
|b 2610616315
|c 2-1338.097
|l MZK
|r Sklad / do 1 hodiny
|n 9
|p p.v.
|w 001478757
|u 000020
|a 1
|e BOA001
|j MZK50
|s A
|